000 00246 a2200097 4500
001 35762
100 _aFrench T E
245 _aThe Fundamentals of Engineering Drawing & Graphic Technology
260 _a
_bMcGraw Hill
_c
090 _c23456
_d23456
942 _aNUST-CAE
_cM
_c14954
999 _c270835
_d270835